000 00874nas a2200265 4500
001 BR9701467
003 BR-BrBNA
005 20231205100047.0
007 ta
008 230509b bl.|||p| |||| 00| 00por d
040 _aBR-BrBNA
_bpor
_cBiblioteca Nacional de Agricultura
041 _a(Pt)
072 _aP34
100 1 _aCardoso Filho, J.A.
100 1 _aMuniz, A.S.
100 1 _aFalcao, N.M.
245 1 _aMicorrizas vesiculo-arbusculares em painco (setaria italica L.)1. efeito de Glomus macrocarpum e adubacao fosfatada na producao de materia seca e efetividade simbiotico
650 _aPainco
650 _aMicorriza
650 _aFixacao Simbiotica de Nitrogenio
650 _aSolo
773 0 _tCiencia Agricola (Brazil)
_xISSN 0103-8699
_g(1993-1994), v. 2(1) p. 57-66
_wBR9701467
909 _a202311
_bLúcia
_c55
_dLúcia Elande
942 _2AGRIS
_n0
_cANA
999 _c154174
_d154174